000 00653nam a2200169 a 4500
008 120416s1982 ||||||||||||||||| || u
020 _a0575032383
050 _aPS 3562.I515 Bla
100 _aBlaisdell, Anne
245 1 0 _aSkeletons in the closet
260 _aLondon
_bVictor Gollancz
_c1982
300 _av, 178p.
350 _a0.00
650 _aENGLISH LANGUAGE
995 _aFICTION Collection
_D0.00
_e726169
_FCBU-MAIN LIBRARY (Kitwe)
_H2
_I6.95
_jPS 3562.I515 Bla
_M2
_UAVAILABLE
_y011207
_ZFiction Collection
995 _aFICTION Collection
_D0.00
_e720128
_FCBU-MAIN LIBRARY (Kitwe)
_H1
_I6.95
_jPS 3562.I515 Bla
_M1
_UAVAILABLE
_y011208
_ZFiction Collection
999 _c76530
_d76530